Köppen climate classification - Hot Desert - Statistics

General Stats
  • This quiz has been taken 59 times
  • The average score is 38 of 40
Answer Stats
Country % Correct
Afghanistan
100%
Algeria
100%
Chad
100%
Egypt
100%
India
100%
Mali
100%
Niger
100%
Oman
100%
Pakistan
100%
Sudan
100%
United States
100%
Yemen
100%
Eritrea
98%
Ethiopia
98%
Iran
98%
Iraq
98%
Israel
98%
Libya
98%
Jordan
96%
Mauritania
96%
Mexico
96%
Morocco
96%
Namibia
96%
Somalia
96%
Tunisia
96%
Australia
95%
South Africa
95%
Syria
95%
Djibouti
93%
Qatar
93%
United Arab Emirates
93%
Botswana
91%
Kuwait
91%
Zimbabwe
91%
Bahrain
87%
Kenya
85%
Peru
85%
Senegal
85%
Angola
84%
Argentina
82%
No matching quizzes found
Score Distribution
Percent of People with Each Score
Percentile by Number Answered
Your Score History
You have not taken this quiz